Bezpečnostné aspekty a pravidlá pre bezpečnú prepravu rádioaktívnych materiálov v EÚ

Uložené v:
Podrobná bibliografia
Hlavný autor: Šebová, Andrea (Autor)
Ďalší autori: Strážovec, Roman (Vedúci práce)
Médium: Rukopis Kniha
Jazyk:Slovak
Vydavateľské údaje: 2017
Predmet:
On-line prístup:http://is.stuba.sk/zp/portal_zp.pl?podrobnosti=132094
Tagy: Pridať tag
Žiadne tagy, Buďte prvý, kto otaguje tento záznam!

MARC

LEADER 00000ntm a22000003a 4500
001 stuzp64119
003 SK-STU
005 20170624213103.1
007 ta
008 150427s2015----xo-----f-mn---000-0-slo-d
040 |a STU  |b slo 
041 0 |a slo 
100 1 |a Šebová, Andrea  |u 065000  |4 aut  |U MTF Materiálovotechnologická fakulta  |T MTF Ústav integrovanej bezpečnosti  |X 77551  |U M5000  |Y 85  |7 77551 
242 0 1 |a Safety aspects and Regulations for the Transport of Radioactive Materials in EU  |y eng 
245 1 0 |a Bezpečnostné aspekty a pravidlá pre bezpečnú prepravu rádioaktívnych materiálov v EÚ 
260 |c 2017 
650 4 |a externé ožiarenie osôb  |2 slo 
650 4 |a obalový prepravný súbor  |2 slo 
650 4 |a rádioaktívny odpad  |2 slo 
650 4 |a medzinárodný transport RAO  |2 slo 
650 4 |a radioactive waste  |2 eng 
650 4 |a international transport of RAW  |2 eng 
650 4 |a external irradiation of personnel  |2 eng 
650 4 |a transport packaging assembly.  |2 eng 
700 1 |a Strážovec, Roman  |4 ths  |X 12628  |7 A000012628 
856 4 |u http://is.stuba.sk/zp/portal_zp.pl?podrobnosti=132094 
996 |c M* BP-8078  |l MMSKP  |s P  |a 0  |w stuzp64119_0001